000 00814nam a22002057a 4500
999 _c8067
_d8067
003 AR-CdUCM
008 190319b ||||| |||| 00| 0 eng d
040 _aMUNICIPALIDAD PROVINCIAL DEL CUSCO
_cBIBLIOTECA MUNICIPAL DEL CUSCO
082 _24ed.
_a709 /
_bP56
100 _aPijoán, José
_918769
245 _aSumma Artis, Historia general del arte :
_bEl Arte Egipcio hasta la Conquista Romana /
260 _aMadrid
_bEspasa-Calpe, S.A.,
_c1956.
300 _a555 páginas ;
_bIlustraciones en color y b/n.
_c27 cm.
505 _aContenido: Significado del Egipto -- El Egipto predinástico -- El Egipto protohistórico -- El antiguo imperio -- La edad media del Egipto...
650 _aHistoria del Arte
_91647
650 _aEscultura
_913152
650 _aEgipto
_9804
942 _2ddc
_cLIBROS
945 _anom